| 000 | 01837cam a22002174a 4500 | ||
|---|---|---|---|
| 005 | 20250605164001.0 | ||
| 008 | 250528s ||||||||||||||||||||||||d | ||
| 035 | _a15637 | ||
| 020 | _a9602860561 | ||
| 040 |
_aGR-AtMCL _bgre _dGR-AtMCL _eAACR2 |
||
| 245 | 1 | _aΟργάνωση και Διοίκηση Επιχειρήσεων | |
| 260 |
_bΈλλην, _c1987 |
||
| 300 | _a264 | ||
| 505 | 0 | _aΗ Επιχείρηση, Οργάνωση και Διοίκηση Επιχειρήσεων, Οργάνωση, Θεωρητικό Υπόβαθρο των Αρχών της Διοίκησης, Η Επικοινωνία, Νομική Μορφή και Οργανωτική Δομή των Επιχειρήσεων, Η Επίδραση του Θυμού και το Όφελος Ενός Συστήματος Θεραπείας τους για τα Στελέχη των Επιχειρήσεων, Τεχνικός Σχεδιασμός της Στρατηγικής του Καταμερισμού Χρόνου Εργασίας. | |
| 520 | _aΗ Επιχείρηση, Οργάνωση και Διοίκηση Επιχειρήσεων, Οργάνωση, Θεωρητικό Υπόβαθρο των Αρχών της Διοίκησης, Η Επικοινωνία, Νομική Μορφή και Οργανωτική Δομή των Επιχειρήσεων, Η Επίδραση του Θυμού και το Όφελος Ενός Συστήματος Θεραπείας τους για τα Στελέχη των Επιχειρήσεων, Τεχνικός Σχεδιασμός της Στρατηγικής του Καταμερισμού Χρόνου Εργασίας. | ||
| 700 | 1 |
_aΚαπετάνιου-Πάντα Μαρία _91598 |
|
| 700 | 1 |
_aΚαραγιάννης Στέφανος _91033 |
|
| 942 | _cBK | ||
| 999 |
_c1202 _d1202 |
||